| 000 | 00470nam a2200157 i 4500 | ||
|---|---|---|---|
| 001 | 82616 | ||
| 003 | ES-MaACL | ||
| 005 | 20230906174714.0 | ||
| 007 | t| | ||
| 008 | 041111s1972 sp ||||1| spa d | ||
| 245 | 0 | 0 |
_aInglés _b: (textos médicos para traducir) / _c[selección y distribución de textos hecha por F.A. Mori]. |
| 260 |
_a[Oviedo : _bSumma, _c1972] |
||
| 300 |
_a96 p. ; _c28 cm. |
||
| 700 | 1 |
_aMori, F. A. _983540 |
|
| 852 |
_aES-MaACL _jC-43305 _bR.80835 |
||
| 999 |
_c82616 _d82616 |
||